Statystyki dla Flagi państw Morza Śródziemnego

Kliknij tutaj aby rozwiązać quiz!

Ogólne statystyki

  • Ten quiz został rozwiązany 23 314 razy
  • Średni wynik to 19 z 21

Statystyki odpowiedzi

Odpowiedź% Poprawnych
Francja
100%
Włochy
100%
Grecja
99%
Hiszpania
99%
Albania
98%
Izrael
98%
Turcja
98%
Chorwacja
97%
Cypr
96%
Bośnia i Hercegowina
93%
Egipt
93%
Malta
90%
Monako
89%
Słowenia
89%
Tunezja
87%
Czarnogóra
83%
Maroko
82%
Algieria
79%
Liban
76%
Syria
70%
Libia
60%

Rozkład punktacji

Percentyl według liczby udzielonych odpowiedzi

Procent ludzi z każdym wynikiem

Twoja historia wyników

Nie rozwiązałeś tego quizu